000 00567nam a22001937a 4500
003 KOHA_MİRAKIL
005 20251118112755.0
008 251118b tu ||||| |||| 00| 0 tur d
020 _a9786057817242
040 _aTR-AnABB
_btur
_cTR-AnABB
041 _atur
082 _a818.42
_bKOC 2019
100 1 _aKocakaplan, İsa,
245 1 0 _aCengiz Dağcı’nın dört romanı /
_cİsa Kocakaplan
260 _aİstanbul :
_bTürk Edebiyat Vakfı Yayınları,
_c2019
300 _a272 sayfa ;
_c22 cm
650 0 4 _aTürk edebiyatı, roman
942 _2ddc
_cBK
999 _c9524
_d9524
900 _bGizem YORULMAZ